000 00565nam a2200181Ia 4500
003 IN-BaIIA
008 211028s9999 xx 000 0 eng d
040 _cIIA Library
080 _a535.33(082.2)
_bDAE
110 _aIndia. Department of Atomic Energy
_94050
245 0 _aSpectroscopy
_cDepartment of Atomic Energy Government of India
260 _aIndia
_bDepartment of Atomic Energy
_c1965
300 _ax, 288p.
500 _aDonated by Mrs. Bappu
650 _aAstronomy and Astrophysics Thesaurus
650 _aSpectroscopy
_91535
942 _cBK
999 _c7464
_d7464